Poco piu di un anno fa : diario di un pornodivo /

Saved in:
Bibliografiske detaljer
Andre forfattere: Barberini, Urbano, (1961- ), Filiberti, Marco
Format: Slide
Sprog:italiensk
Udgivet: [Italia] : Moonlight cinema e televisione, c2003
Tags: Tilføj Tag
Ingen Tags, Vær først til at tagge denne postø!

MARC

LEADER 00000ngm a22000007i 4500
001 IT\ICCU\UBO\3399977
003 ItRI
005 20260124182920.0
008 080327s2003 it |||||||||||||||k|||||c
028 4 2 |a 49860851LN 
028 4 2 |a 860851LVVO 
040 |b ita 
041 7 |a ita  |2 ISO-639-2 
130 0 |a Poco più di un anno fa <film ; 2003>  |3 IT\ICCU\MOD\0895733 
245 0 0 |a Poco piu di un anno fa :  |b diario di un pornodivo /  |c un film di Marco Filiberti. 
260 |a [Italia] :  |b Moonlight cinema e televisione,  |c c2003 
300 |a 1 videocassetta (VHS) (101 min.) :  |b color., son 
500 |a Tit. del contenitore 
500 |a Interpreti: Marco Filiberti, Urbano Barberini 
500 |a Film del 2003, prod. Italia 
500 |a Data di artwork & design 
500 |a Vietato ai minori di 14 anni. 
700 1 |a Barberini, Urbano,  |d  (1961- )  |0 IT\ICCU\MODV\303345 
700 1 |a Filiberti, Marco  |0 IT\ICCU\RAVV\361128 
942 |2 ddc  |c VM  |n 0 
952 |0 0  |1 0  |4 0  |6 VO_958_000000000000000  |7 0  |9 28015  |a BO  |b BO  |d 2026-01-24  |i 8084  |l 0  |o VO 958  |p BO8084  |r 2026-01-24 18:29:20  |w 2026-01-24  |x [Sebina 5] [1 videocassetta]  |y VM  |z 1 videocassetta 
999 |c 23741  |d 23741